| 000 | 01002cam a22003257a 4500 | ||
|---|---|---|---|
| 003 | CHAP | ||
| 005 | 20220817042134.0 | ||
| 008 | 971013s1962 r 00010 d | ||
| 010 | _a35836 | ||
| 011 | _a36808 | ||
| 035 | _a40927 | ||
| 040 | _cCHAP | ||
| 082 |
_a333 _bF36 |
||
| 110 | _aFAO | ||
| 245 | 1 | 3 |
_aLa concentración parcelaria _b: principios de legislación, estudio de derecho comparado |
| 260 |
_aRoma : _b(FAO), _c1962 |
||
| 300 | _a158 p. | ||
| 490 | 0 |
_aFAO. Serie mejores cultivos _v; 3 |
|
| 590 |
_aBATCH-UPD _b10 _c20130110 _lUCH01 _h1934 |
||
| 590 |
_aBATCH-UPD _b10 _c20130410 _lUCH01 _h1258 |
||
| 590 |
_aBATCH-UPD _b10 _c20130914 _lUCH01 _h1720 |
||
| 590 |
_aCONVERSION _b10 _c20130109 _lUCH01 _h1320 |
||
| 650 | 1 | 4 |
_aTierras _xTenencia. _9113130 |
| 700 | 0 |
_aJacoby, Erich H. _960869 |
|
| 700 | 0 |
_aMoral López, Pedro. _978201 |
|
| 830 | 0 | 0 |
_aFAO. Serie mejores cultivos _v; 3 _939693 |
| 901 | _aBK | ||
| 942 | _cLIBRO | ||
| 949 |
_a333 F36 _bBC _cFAO _d33724000672598 _eFAO1 _i40927 _si |
||
| 999 |
_c35836 _d35836 |
||